000 01019nam a2200277Ia 4500
003 OSt
005 20220923211607.0
006 a|||||r|||| 00| 0
007 ta
008 220922b |||||||| |||| 00| 0 hin d
020 _a9789388183598 (hbk)
_c295
024 _a348,427
037 _bBR/7270, 19/02/2019, Rajkamal Prakashan Pvt. Ltd
_cTextual
040 _aARTS
_cARTS
_bhin
041 _2hin
_ahin
082 _aO152,1N27x, Q8
100 _aनारायण, कुॅंवर, ले.
245 0 _aसब इतना असमाप्त
246 _aSab itanā asamāpta
260 _aनई दिल्ली
_b राजकमल प्रकाशन
_c2018
300 _a106पृ.
_ccm.
650 _a हिन्दी साहित्य
_9156264
650 _aहिन्दी कविता
942 _hO152,1N27x, Q8
_cTEXL
_2CC
999 _c301166
_d301166